| 000 | 00840cam a2200265 a 4500 | ||
|---|---|---|---|
| 001 | 000006628 | ||
| 005 | 20200929153948.0 | ||
| 008 | 750717s1969 ve a 000 0 spa | ||
| 035 | _a(DLC) 75014606 | ||
| 035 | _a(OCoLC)1456669 | ||
| 040 |
_aDO-SdBNP _cOU _dDLC _dBNPHU |
||
| 082 |
_a928.87 _bT153A |
||
| 100 | 1 |
_aAgudo Freytes, Raúl. _918395 |
|
| 245 | 1 | 0 |
_aPío Tamayo y la vanguardia / _cRaúl Agudo Freites. |
| 260 |
_aCaracas : _bBiblioteca de la Universidad Central de Venezuela, _c1969. |
||
| 300 |
_a207 p. : _bil. ; _c21 cm. |
||
| 490 | 1 | _aTemas | |
| 500 | _aIncluye poemas y cartas de Pío Tamayo. | ||
| 504 | _aBibliografía: p. 205-207. | ||
| 600 | 1 | 4 |
_aTAMAYO, PIO, _d1898-1935. _918396 |
| 700 | 1 |
_aTamayo, Pío, _d1898-1935. _918397 |
|
| 830 | 0 |
_aTemas _99064 |
|
| 910 | _aCatalogación por copia / LC | ||
| 049 | _aBNGR | ||
| 999 |
_c6418 _d6418 |
||